Into the archive

Titel: Into the archive : writing and power in colonial Peru
Verfasser:
Veröffentlicht: Durham, N.C. : Duke Univ. Press, 2010
Umfang: XV, 247 S.
Format: Buch
Sprache: Sprache nicht angegeben
RVK-Notation:
Schlagworte:
ISBN: 9780822348689
Buchumschlag
X
alg: 44202143
001A    $03036:30-01-19 
001B    $06055:01-03-26 $t19:48:48.000 
001D    $03036:30-01-19 
001U    $0utf8 
001X    $00 
002@    $0Aax    
003@    $0442021437 
004A    $A978-0-8223-4868-9 
007A    $0442021437 $aHEB 
007T    $0ArchMa19810 
011@    $a2010 
013D    $RQuellenforschung $#History Sources $#Sources $#Histoire Sources $#Sources $#Historia Fuentes $#Akten Formschlagwort $#Augenzeugenbericht Formschlagwort $#Texte Formschlagwort $#Historische Quelle $#Geschichtsquelle $#Quellensammlung $#Quellen $D20251120 $Ecgmnf $74135952-5 $8Quelle [Tsz] $9085503576 
021A    $aInto the archive $dwriting and power in colonial Peru 
028A    $#Burns, Kathryn J. $#Burns, Kathryn Jane $D20220215 $Ecgwrk $71146229739 $8Burns, Kathryn$Z1959- [Tp3] $9422382981 
033A    $pDurham, N.C. $nDuke Univ. Press 
034D    $aXV, 247 S. 
044K    $RSchrifttum $RGeschichtswissenschaft $#Historiography $#Historiographie $#Storiografia $#Historiografía $#Historiography $#Geschichtsschreibung $#Geschichtsschreibung $#Historiographie $#Historiografie $#Historisierung Geschichtsschreibung $D20251120 $Ecgmnf $74020531-9 $8Geschichtsschreibung [Ts1] $9085049425 
044K    $RJurist $RNotarin $RNotariat $#Notaries $#Notaires $#Notai $#Notarios $#Notar $D20251120 $Ecgmnf $74042660-9 $8Notar [Ts1] $9085118346 
044K    $RImperialismus $RKolonie $RAntikolonialismus $RKolonialmacht $REntkolonialisierung $#Imperialism $#Colonisation $#Colonialisme (idée politique) $#Colonialismo $#colonialism $#Kolonialismus $#Kolonialismus $#Kolonialpolitik $#Kolonialherrschaft $#Kolonialismus $#Kolonialpolitik $#Kolonialzeit $#Kolonialbestrebungen $#Kolonialpolitik $#Kolonialisierung $D20251120 $Ecgmnf $74073624-6 $8Kolonialismus [Ts1] $9085207241 
044K    $#Peru $#Peru $#Peru $#Perú $#República del Perú $#República de Perú $#Pérou $#República Peruana $#Republik Peru $#Piru $D20251120 $Ecgmnf $74045312-1 $8Peru [Tg1] $9085127116 
044K    $#Cuzco $#Cusco Cuzco $#Qosqo $#Qosco $#Cuzco, Municipalidad $#Municipalidad Cuzco $D20251120 $Ecgmnf $74090652-8 $8Cuzco [Tg1] $9085253871 
044K    $RArchiv $D20251120 $Ecgmnf $74172054-4 $8Notariatsarchiv [Ts1] $9085793930 
045Z    $D20251120 $Ecgmnf $8NN 1730 [Tkv] $9410896039 
045Z    $D20251120 $Ecgmnf $8NK 3270 [Tkv] $9410888974 

lok: 44202143 105

exp: 44202143 105 1 #EPN
201B/01 $030-01-19 $t15:26:53.000 
201C/01 $030-01-19 
201U/01 $0utf8 
203@/01 $01042402469 
208@/01 $a13-12-18 $be 
209A/01 $a/ $f106 $x00 
245Z/01 $a5.01.02. $bArchivwesen außerhalb Europas / Archivwesen weltweit / Einzelne Länder $x01 
247C/01 $8->Marburg, Bibliographie zum Archivwesen der Archivschule Marburg $939588196X
LEADER 00000cam a22000002c 4500
001 442021437
003 DE-603
005 20260301194848.0
007 tu
008 190130s2010 xx |||| | u00||u|und c
020 |a 9780822348689 
035 |a (DE-599)HEB442021437 
040 |a DE-603  |b ger  |c DE-603  |d DE-603 
041 |a und 
084 |a NN 1730  |0 (DE-625)126634:  |0 (DE-603)410896039  |2 rvk 
084 |a NK 3270  |0 (DE-625)125938:  |0 (DE-603)410888974  |2 rvk 
100 1 |a Burns, Kathryn  |d 1959-  |0 (DE-603)422382981  |0 (DE-588)1146229739  |2 gnd 
245 0 0 |a Into the archive  |b writing and power in colonial Peru 
264 1 |a Durham, N.C.  |b Duke Univ. Press  |c 2010 
300 |a XV, 247 S. 
650 7 |a Geschichtsschreibung  |0 (DE-588)4020531-9  |0 (DE-603)085049425  |2 gnd 
650 7 |a Notar  |0 (DE-588)4042660-9  |0 (DE-603)085118346  |2 gnd 
650 7 |a Kolonialismus  |0 (DE-588)4073624-6  |0 (DE-603)085207241  |2 gnd 
650 7 |a Notariatsarchiv  |0 (DE-588)4172054-4  |0 (DE-603)085793930  |2 gnd 
651 7 |a Peru  |0 (DE-588)4045312-1  |0 (DE-603)085127116  |2 gnd 
651 7 |a Cuzco  |0 (DE-588)4090652-8  |0 (DE-603)085253871  |2 gnd 
655 7 |a Quelle  |2 gnd-content  |0 (DE-588)4135952-5  |0 (DE-603)085503576 
924 0 |9 -  |a (DE-603)1042402469  |b DE-  |c HES  |d d  |g /